| 000 | 00373nam a2200109Ia 4500 | ||
|---|---|---|---|
| 008 | 171211s9999 xx 000 0 und d | ||
| 245 | 4 | _aThe Handbook of Chinese Linguistics | |
| 245 | _cAndrew Simpson, C. T. James Huang, and Y.-H. Audrey Li | ||
| 260 | _c2014 | ||
| 650 | _xLANGUAGES | ||
| 856 | _uhttp://down.ebook777.com/024/The%20Handbook%20of%20Chinese%20Linguistics.pdf | ||
| 999 |
_c349755 _d349755 |
||